00743nam a2200205 a 450000100100000000500170001000800410002702000180006804000250008610000250011124500680013626001050020430000210030949000170033070000350034783000240038204900090040695201050041599900170052000003394920200930070641.0110914s2010 dr 000 0 spa d a9789871696031 aDO-SdBNPbspacBNPHU1 aPrado, Manuel95940413aLa guerra al Malón /cManuel Prado ; prólogo Osvaldo Bayer. aBuenos Aires, Argentina :bComisión Nacional de Bibliotecas PopularesbEditorial Americana,c2010. a159 p. ;c22 cm.1 aDécadasv11 aBayer, Osvaldoepról.959405 0aDécadasv1959406 aBNPD 0010718PDaGRbGRcCTd2011-09-14iLF1l0o p33949-10r2020-06-25w2020-06-25yLFPDZNo se presta c33440d33440